| 000 | 00655nam a2200133Ia 4500 | ||
|---|---|---|---|
| 008 | 171212s9999 xx 000 0 und d | ||
| 100 | _aColker, Ruth | ||
| 245 |
_cColker, Ruth _aAmerican Law in the Age of Hypercapitalism _bThe Worker, the Family, and the State |
||
| 260 |
_bNew York University Press _c1998 |
||
| 440 | _aCritical America | ||
| 650 | _aLabor laws and legislation -- United States; Discrimination in employment -- Law and legislation -- United States; Critical legal studies -- United States; Capitalism -- United States; Law and economics; Sociological jurisprudence | ||
| 650 | _aLaw | ||
| 856 | _uhttp://www.jstor.org/stable/j.ctt9qg08n | ||
| 999 |
_c351517 _d351517 |
||